[Event "Internationaal Jeugdtoernooi Limburg 3"]
[Site "Blerick"]
[Date "1997.07.24"]
[Round "2"]
[White "Utama, Ivan"]
[Black "Strijbos, Maarten"]
[Result "0-1"]
[WhiteElo "2049"]
[BlackElo "2293"]
[PlyCount "114"]
[EventDate "1997.07.24"]
[EventType "swiss"]
[EventRounds "7"]
[EventCountry "NED"]
[Source "P.Boonen"]
[SourceDate "2009.01.01"]

1. e4 c5 2. Nc3 Nc6 3. Nge2 g6 4. g3 Bg7 5. Bg2 d6 6. O-O e6 7. d3 Nge7 8. Rb1
O-O 9. Be3 Rb8 10. d4 b6 11. Qd2 cxd4 12. Nxd4 Ne5 13. b3 Ng4 14. Bg5 f6 15.
Be3 Nxe3 16. Qxe3 e5 17. Nf3 b5 18. Rfd1 Qc7 19. Qd3 f5 20. Nd5 fxe4 21. Qxe4
Bb7 22. c4 bxc4 23. bxc4 Nxd5 24. cxd5 Qa5 25. Rb2 Ba6 26. Rxb8 Rxb8 27. Bh3
Bf6 28. Be6+ Kg7 29. Qc2 Qc5 30. Qd2 e4 31. Rc1 Bc4 32. Ng5 e3 33. Qxe3 Qxe3
34. fxe3 Bxg5 35. Rxc4 Bxe3+ 36. Kg2 Rb2+ 37. Kf3 Bc5 38. Ra4 Rxh2 39. g4 Rh3+
40. Kg2 Rc3 41. Kh2 g5 42. Bf5 h6 43. Kg2 Kf6 44. Re4 Rc2+ 45. Kg3 Rxa2 46.
Re6+ Kf7 47. Rxh6 a5 48. Kf3 a4 49. Ke4 Rd2 50. Rh7+ Kg8 51. Rb7 Rd4+ 52. Kf3
a3 53. Bb1 Kf8 54. Rb8+ Kg7 55. Ba2 Rd2 56. Bb3 Rd3+ 57. Ke4 Rxb3 0-1

[Event "Internationaal Jeugdtoernooi Limburg 3"]
[Site "Blerick"]
[Date "1997.07.24"]
[Round "2"]
[White "Van Gemen, Felix"]
[Black "De Wit, William"]
[Result "0-1"]
[WhiteElo "1672"]
[BlackElo "2108"]
[PlyCount "64"]
[EventDate "1997.07.24"]
[EventType "swiss"]
[EventRounds "7"]
[EventCountry "NED"]
[Source "P.Boonen"]
[SourceDate "2009.01.01"]

1. e4 e6 2. d4 d5 3. Nc3 Bb4 4. e5 c5 5. a3 Bxc3+ 6. bxc3 Qc7 7. Nf3 Ne7 8. Bd3
b6 9. O-O Ba6 10. Ng5 Bxd3 11. Qxd3 Nd7 12. f4 cxd4 13. cxd4 Rc8 14. Qh3 Qc3
15. Qxc3 Rxc3 16. Rf2 O-O 17. Bb2 Rc4 18. a4 Nf5 19. Nf3 h5 20. c3 Nb8 21. Re2
Rc7 22. Nd2 a5 23. Kf2 Nd7 24. Nb3 Ra8 25. Rc2 Rb8 26. Ra3 b5 27. axb5 Rxb5 28.
Nxa5 Ra7 29. Nc4 Rab7 30. Ra2 dxc4 31. Ba3 Nb6 32. Rab2 Nd5 0-1

[Event "Internationaal Jeugdtoernooi Limburg 3"]
[Site "Blerick"]
[Date "1997.07.24"]
[Round "2"]
[White "Willemze, Thomas"]
[Black "Snoeck, Rene"]
[Result "1-0"]
[WhiteElo "1957"]
[BlackElo "1744"]
[PlyCount "51"]
[EventDate "1997.07.24"]
[EventType "swiss"]
[EventRounds "7"]
[EventCountry "NED"]
[Source "P.Boonen"]
[SourceDate "2009.01.01"]

1. e4 c6 2. d4 d5 3. Nd2 dxe4 4. Nxe4 Nf6 5. Ng3 c5 6. Bb5+ Bd7 7. Bxd7+ Qxd7
8. Nf3 e6 9. O-O Nc6 10. Ne5 Qxd4 11. Nxc6 bxc6 12. Qe2 Be7 13. Rd1 Qg4 14. f3
Qg6 15. Be3 O-O 16. c4 Rfd8 17. Qf2 Nd7 18. Ne4 Qf5 19. b3 Qe5 20. Rac1 h6 21.
g3 Qc7 22. Rd2 Nf6 23. Nxc5 Rxd2 24. Qxd2 Rd8 25. Qf2 Qa5 26. Nb7 1-0

[Event "Internationaal Jeugdtoernooi Limburg 3"]
[Site "Blerick"]
[Date "1997.07.25"]
[Round "3"]
[White "Backhuis, Roel"]
[Black "Buzing, Pieter"]
[Result "1-0"]
[WhiteElo "1463"]
[BlackElo "2072"]
[PlyCount "143"]
[EventDate "1997.07.24"]
[EventType "swiss"]
[EventRounds "7"]
[EventCountry "NED"]
[Source "P.Boonen"]
[SourceDate "2009.01.01"]

1. d4 e6 2. c4 f5 3. Nc3 Nf6 4. Nf3 Be7 5. g3 O-O 6. Bg2 d6 7. O-O Qe8 8. e3 a5
9. b3 Na6 10. Bb2 c6 11. Na4 Qd8 12. Rc1 b5 13. cxb5 cxb5 14. Nc3 b4 15. Ne2
Nd5 16. Nd2 Nac7 17. Nc4 Bb7 18. Nf4 Qb8 19. Re1 Nf6 20. Bxb7 Qxb7 21. Nd2 Rfc8
22. Qf3 Qxf3 23. Nxf3 Ne4 24. Red1 g5 25. Nd3 Nb5 26. Kf1 Nbc3 27. Bxc3 Nxc3
28. Rd2 g4 29. Ng1 d5 30. Ne2 Rc7 31. Nxc3 bxc3 32. Rdc2 Rac8 33. Nf4 Kf7 34.
Ke2 Ba3 35. Rh1 Bd6 36. Kd3 a4 37. h3 axb3 38. axb3 gxh3 39. Rxh3 Bxf4 40. exf4
Kf6 41. Rh6+ Ke7 42. Rxh7+ Kd6 43. Rxc7 Rxc7 44. Rxc3 Ra7 45. Rc2 Ra1 46. Rb2
Rd1+ 47. Ke3 Re1+ 48. Kd2 Rf1 49. Ke2 Rh1 50. b4 Kc6 51. b5+ Kb6 52. Kf3 Ra1
53. Rb3 Rd1 54. Ke3 Rg1 55. Kf3 Rd1 56. Ke3 Re1+ 57. Kd2 Ra1 58. Re3 Kxb5 59.
Rxe6 Kc4 60. Re5 Kxd4 61. Rxf5 Ra2+ 62. Ke1 Kc4 63. g4 d4 64. g5 Kd3 65. Kf1
Ke4 66. Rf8 d3 67. Ke1 Re2+ 68. Kd1 Rxf2 69. g6 Rg2 70. f5 Ke3 71. Re8+ Kf4 72.
f6 1-0

[Event "Internationaal Jeugdtoernooi Limburg 3"]
[Site "Blerick"]
[Date "1997.08.25"]
[Round "3"]
[White "Bergez, Luc"]
[Black "De Jong, Jan Willem"]
[Result "1-0"]
[WhiteElo "2310"]
[BlackElo "1980"]
[PlyCount "152"]
[EventDate "1997.07.24"]
[EventType "swiss"]
[EventRounds "7"]
[EventCountry "NED"]
[Source "P.Boonen"]
[SourceDate "2009.01.01"]

1. e4 Nf6 2. e5 Nd5 3. d4 d6 4. Nf3 Bg4 5. Be2 e6 6. O-O Be7 7. h3 Bh5 8. c4
Nb6 9. Be3 d5 10. cxd5 Nxd5 11. Nc3 Nxe3 12. fxe3 O-O 13. Qb3 b6 14. Rad1 Nd7
15. Ne4 Qc8 16. Bc4 Rb8 17. Rd2 Kh8 18. Qa4 c6 19. Ba6 Qc7 20. Rc1 b5 21. Bxb5
cxb5 22. Rxc7 bxa4 23. Rxd7 Bb4 24. Rf2 a5 25. Nh4 Be1 26. Rf4 Bxh4 27. Rxh4
Bg6 28. Nc5 Rxb2 29. Ra7 Rxa2 30. Rf4 Rb8 31. Rxa5 a3 32. Rf2 Ra1+ 33. Kh2 h5
34. Kg3 Kh7 35. Rd2 Rbb1 36. d5 exd5 37. Rxd5 Rb2 38. e6 fxe6 39. Nxe6 Rg1 40.
Rxa3 Rgxg2+ 41. Kh4 Rb4+ 42. Nf4 Bf7 43. Rf5 Bg6 44. Rc5 Rgb2 45. Ra7 Rb7 46.
Raa5 Re7 47. Ra8 Rb6 48. Ra3 Rb4 49. Kg3 Rbe4 50. Kf3 h4 51. Rg5 Bf7 52. Rg4 g6
53. Rxh4+ Kg7 54. Rg4 R4e5 55. h4 Kh7 56. Rg5 Re4 57. Rc5 Kg7 58. Rcc3 Kh7 59.
Rd3 Kg7 60. Kg3 Kh7 61. Nh3 Kh6 62. Ng5 R4e5 63. e4 Rxe4 64. Nxe4 Rxe4 65. Rf3
Be6 66. Rf4 Re1 67. Ra6 Re3+ 68. Kf2 Re5 69. Kg3 Bf5 70. Ra7 Rb5 71. Rd4 Rb3+
72. Kf4 Rb8 73. Ke5 Re8+ 74. Kf6 Re6+ 75. Kf7 g5 76. Ra5 Re4 1-0

[Event "Internationaal Jeugdtoernooi Limburg 3"]
[Site "Blerick"]
[Date "1997.07.25"]
[Round "3"]
[White "De Wit, William"]
[Black "Berkvens, Joost"]
[Result "0-1"]
[WhiteElo "2108"]
[BlackElo "2078"]
[PlyCount "68"]
[EventDate "1997.07.24"]
[EventType "swiss"]
[EventRounds "7"]
[EventCountry "NED"]
[Source "P.Boonen"]
[SourceDate "2009.01.01"]

1. e4 e5 2. Nf3 Nc6 3. Bb5 a6 4. Bxc6 dxc6 5. O-O Qd6 6. Na3 b5 7. c3 c5 8. Nc2
Ne7 9. a4 Bb7 10. axb5 axb5 11. Rxa8+ Bxa8 12. Qe2 c4 13. b3 Ng6 14. bxc4 Nf4
15. Qe3 Qg6 16. Nce1 Qxe4 17. Qxe4 Bxe4 18. Kh1 Bd3 19. Nxd3 Nxd3 20. Nxe5 Nxe5
21. Re1 Kd7 22. Rxe5 bxc4 23. Rd5+ Bd6 24. g3 Rb8 25. Kg2 Rb1 26. Ba3 Kc6 27.
Ra5 Ra1 28. Ra6+ Kd7 29. Bxd6 Rxa6 30. Be5 f6 31. Bd4 Ke6 32. h4 Kf5 33. f3 h5
34. Be3 Rd6 0-1

[Event "Internationaal Jeugdtoernooi Limburg 3"]
[Site "Blerick"]
[Date "1997.07.25"]
[Round "3"]
[White "Gerritse, Xanthine"]
[Black "Solakian, Jerome"]
[Result "0-1"]
[WhiteElo "1702"]
[BlackElo "2215"]
[PlyCount "84"]
[EventDate "1997.07.24"]
[EventType "swiss"]
[EventRounds "7"]
[EventCountry "NED"]
[Source "P.Boonen"]
[SourceDate "2009.01.01"]

1. Nf3 g6 2. d4 Nf6 3. Bg5 Bg7 4. e3 c5 5. Bd3 cxd4 6. exd4 Qb6 7. Nc3 h6 8.
Bd2 O-O 9. O-O d5 10. h3 Nc6 11. Qc1 Kh7 12. Ne2 Ne4 13. c3 Bf5 14. Be3 Rac8
15. Qb1 Nd6 16. Nf4 e6 17. g4 Be4 18. Nd2 Bxd3 19. Nxd3 Na5 20. Ne5 Qd8 21. Kh2
Bxe5+ 22. dxe5 Ndc4 23. Nxc4 Nxc4 24. Bd4 Nd2 25. Qd3 Nxf1+ 26. Rxf1 Qc7 27. f4
Qc4 28. Qxc4 Rxc4 29. Kg3 Rfc8 30. Rf2 b5 31. Rd2 a5 32. Kf2 b4 33. Ke3 bxc3
34. Bxc3 a4 35. a3 Re4+ 36. Kf3 Rcc4 37. Kg3 Rxf4 38. Bb4 Rfd4 39. Rf2 Rd3+ 40.
Kg2 Kg7 41. Be7 Rcd4 42. Bb4 Re4 0-1

[Event "Internationaal Jeugdtoernooi Limburg 3"]
[Site "Blerick"]
[Date "1997.07.25"]
[Round "3"]
[White "Holtackers, Daan"]
[Black "Leenhouts, Koen"]
[Result "1-0"]
[WhiteElo "1784"]
[BlackElo "1735"]
[PlyCount "99"]
[EventDate "1997.07.24"]
[EventType "swiss"]
[EventRounds "7"]
[EventCountry "NED"]
[Source "P.Boonen"]
[SourceDate "2009.01.01"]

1. e4 c5 2. Nc3 Nc6 3. f4 e6 4. Nf3 g6 5. Bc4 a6 6. a4 Qa5 7. O-O b5 8. axb5
Qxa1 9. bxc6 Qa5 10. f5 dxc6 11. fxe6 f6 12. Ne5 Nh6 13. Nf7 Bxe6 14. Nxh8 Bxc4
15. d3 Bg8 16. Qf3 Qb4 17. e5 Qd4+ 18. Kh1 Qd7 19. exf6 Ra7 20. Re1+ Kd8 21.
Bxh6 Bxh6 22. Re7 Qxe7 23. fxe7+ Rxe7 24. g3 Kd7 25. Ne4 Bg7 26. Nf6+ Bxf6 27.
Qxf6 Bd5+ 28. Kg1 Re1+ 29. Kf2 Re6 30. Qf4 Re8 31. Qh6 Re7 32. c4 Be6 33. Qf8
Re8 34. Qf6 Re7 35. Kg2 Bg8 36. h3 Re2+ 37. Kf3 Re7 38. g4 Be6 39. h4 Re8 40.
Kg3 Re7 41. h5 gxh5 42. gxh5 Bg8 43. h6 Be6 44. Qf4 Bg8 45. Qb8 Be6 46. Ng6 Re8
47. Ne5+ Ke7 48. Qc7+ Kf6 49. Qg7+ Kf5 50. Nf7 1-0

[Event "Internationaal Jeugdtoernooi Limburg 3"]
[Site "Blerick"]
[Date "1997.07.25"]
[Round "3"]
[White "Lemmers, Ruud"]
[Black "Schreiber, Christophe"]
[Result "1/2-1/2"]
[WhiteElo "1971"]
[BlackElo "2100"]
[PlyCount "72"]
[EventDate "1997.07.24"]
[EventType "swiss"]
[EventRounds "7"]
[EventCountry "NED"]
[Source "P.Boonen"]
[SourceDate "2009.01.01"]

1. e4 d6 2. d4 Nf6 3. Nc3 g6 4. Be3 c6 5. f3 Nbd7 6. g4 b5 7. g5 Nh5 8. Nge2 b4
9. Nb1 Bg7 10. c3 bxc3 11. Nbxc3 Rb8 12. Qd2 Ba6 13. Nf4 Bxf1 14. Nxh5 gxh5 15.
Rxf1 Qa5 16. Rc1 O-O 17. f4 c5 18. Rc2 cxd4 19. Bxd4 Bxd4 20. Qxd4 Rb4 21. Qe3
Rfb8 22. b3 Nc5 23. Ke2 Qa6+ 24. Ke1 Qb7 25. Re2 a5 26. Kf2 e6 27. Kg3 Rc8 28.
Qf3 a4 29. bxa4 Nxa4 30. Nxa4 Rxa4 31. Rd1 Qa6 32. Red2 Rc6 33. Qe2 Qxe2 34.
Rxe2 Rca6 35. Rdd2 Kg7 36. Rb2 Rc4 1/2-1/2

[Event "Internationaal Jeugdtoernooi Limburg 3"]
[Site "Blerick"]
[Date "1997.07.25"]
[Round "3"]
[White "Paulus, Sami"]
[Black "Van Gemen, Felix"]
[Result "1/2-1/2"]
[WhiteElo "1950"]
[BlackElo "1672"]
[PlyCount "56"]
[EventDate "1997.07.24"]
[EventType "swiss"]
[EventRounds "7"]
[EventCountry "NED"]
[Source "P.Boonen"]
[SourceDate "2009.01.01"]

1. d4 Nf6 2. c4 e6 3. Nf3 Bb4+ 4. Bd2 Bxd2+ 5. Nbxd2 d5 6. e3 O-O 7. Rc1 b6 8.
cxd5 exd5 9. Bd3 Nbd7 10. O-O c5 11. Ne5 Nxe5 12. dxe5 Ng4 13. h3 Nxe5 14.
Bxh7+ Kxh7 15. Qh5+ Kg8 16. Qxe5 Re8 17. Qh5 Qf6 18. Nf3 Qxb2 19. Rb1 Qf6 20.
Qxd5 Be6 21. Qb7 Bxa2 22. Ra1 Reb8 23. Qc7 Bd5 24. Rxa7 Bxf3 25. gxf3 Qxf3 26.
Rfa1 Rc8 27. Rxa8 Rxa8 28. Rxa8+ Qxa8 1/2-1/2

[Event "Internationaal Jeugdtoernooi Limburg 3"]
[Site "Blerick"]
[Date "1997.07.25"]
[Round "3"]
[White "Pietersma, Menno"]
[Black "Heltzel, Joost"]
[Result "1-0"]
[WhiteElo "2054"]
[BlackElo "1890"]
[PlyCount "87"]
[EventDate "1997.07.24"]
[EventType "swiss"]
[EventRounds "7"]
[EventCountry "NED"]
[Source "P.Boonen"]
[SourceDate "2009.01.01"]

1. c4 Nf6 2. Nc3 g6 3. g3 Bg7 4. Bg2 O-O 5. d3 Nc6 6. Bg5 h6 7. Bd2 d6 8. h4 e5
9. Rb1 Be6 10. Nd5 Nh5 11. b4 Qd7 12. Bf3 f5 13. e3 Rae8 14. b5 Nd8 15. Bxh5
gxh5 16. Ba5 b6 17. Bd2 Qf7 18. Qf3 f4 19. e4 Bg4 20. Qg2 f3 21. Qf1 Ne6 22.
Be3 Ra8 23. Kd2 a6 24. Rb2 axb5 25. cxb5 Nf4 26. gxf4 exf4 27. Rc2 fxe3+ 28.
fxe3 f2 29. Nh3 c6 30. bxc6 Be6 31. Nhf4 Bxd5 32. exd5 Qa7 33. Qxf2 Qa5+ 34.
Ke2 Rae8 35. Rg1 Kh7 36. Qg3 Rf7 37. Nxh5 Qa7 38. Qg6+ Kg8 39. c7 Rxe3+ 40.
Kxe3 b5+ 41. Kd2 Qf2+ 42. Kd1 Qf3+ 43. Re2 Rxc7 44. Nf6+ 1-0

[Event "Internationaal Jeugdtoernooi Limburg 3"]
[Site "Blerick"]
[Date "1997.07.25"]
[Round "3"]
[White "Snoeck, Rene"]
[Black "Morks, Ewout"]
[Result "0-1"]
[WhiteElo "1744"]
[BlackElo "1905"]
[PlyCount "128"]
[EventDate "1997.07.24"]
[EventType "swiss"]
[EventRounds "7"]
[EventCountry "NED"]
[Source "P.Boonen"]
[SourceDate "2009.01.01"]

1. d4 d5 2. c4 dxc4 3. e4 e6 4. Bxc4 Nf6 5. Nc3 a6 6. a3 b5 7. Ba2 Bb7 8. f3 c5
9. Be3 cxd4 10. Bxd4 Nc6 11. Be3 b4 12. Na4 bxa3 13. bxa3 Bxa3 14. Ne2 Bb4+ 15.
Kf2 O-O 16. Bb6 Qe7 17. Qb3 a5 18. Rac1 Nd7 19. Be3 Nde5 20. Bb6 Nd7 21. Be3
Rfd8 22. h4 h6 23. g4 Nde5 24. Bb1 Qf6 25. Bf4 Nd4 26. Bxe5 Qxe5 27. Nxd4 Qxd4+
28. Kg2 Qd2+ 29. Kh3 Bd6 30. Qxb7 Qf4 31. e5 Bxe5 32. Rcg1 Qxa4 33. Qe4 Qxe4
34. Bxe4 Rab8 35. Rg2 Rb5 36. Ra2 Rdb8 37. Rd1 Kf8 38. Rdd2 Rb2 39. h5 a4 40.
Rdxb2 Rxb2 41. Rxb2 Bxb2 42. Kg2 Ke7 43. Kf2 Kd6 44. Ke3 Kc5 45. Kd2 Kb4 46.
Kc2 a3 47. Kb1 Kb3 48. Bc2+ Kc3 49. Ba4 g6 50. hxg6 fxg6 51. Bd7 e5 52. Be8 g5
53. Bc6 Kd2 54. Be4 Ke3 55. Kc2 Bd4 56. Kb3 Bc5 57. Bc6 Bf8 58. Bd5 Kf4 59. Bc6
Kg3 60. Bd5 Kh4 61. Bf7 e4 62. Bd5 e3 63. Kc2 Kg3 64. Kd1 Kf2 0-1

[Event "Internationaal Jeugdtoernooi Limburg 3"]
[Site "Blerick"]
[Date "1997.07.25"]
[Round "3"]
[White "Strijbos, Maarten"]
[Black "Schilperoort, Jeroen"]
[Result "1-0"]
[WhiteElo "2293"]
[BlackElo "1613"]
[PlyCount "53"]
[EventDate "1997.07.24"]
[EventType "swiss"]
[EventRounds "7"]
[EventCountry "NED"]
[Source "P.Boonen"]
[SourceDate "2009.01.01"]

1. e4 c6 2. d4 d5 3. e5 Bf5 4. h4 h6 5. g4 Bh7 6. e6 fxe6 7. Bd3 Bxd3 8. Qxd3
Qa5+ 9. Nc3 Nf6 10. Bd2 Qc7 11. Nge2 e5 12. dxe5 Qxe5 13. Qg6+ Kd7 14. O-O-O
Ne8 15. Nf4 Qf6 16. Qd3 e5 17. Ncxd5 cxd5 18. Nxd5 Qa6 19. Nb6+ Kc6 20. Qd5+
Kxb6 21. Be3+ Kc7 22. Qd8+ Kc6 23. Qxe8+ Kc7 24. Qd8+ Kc6 25. Qc8+ Kb5 26. Rd5+
Ka4 27. Qc3 1-0

[Event "Internationaal Jeugdtoernooi Limburg 3"]
[Site "Blerick"]
[Date "1997.07.25"]
[Round "3"]
[White "Van Beek, Alexander"]
[Black "Utama, Ivan"]
[Result "1/2-1/2"]
[WhiteElo "1970"]
[BlackElo "2049"]
[PlyCount "103"]
[EventDate "1997.07.24"]
[EventType "swiss"]
[EventRounds "7"]
[EventCountry "NED"]
[Source "P.Boonen"]
[SourceDate "2009.01.01"]

1. e4 e5 2. Nf3 Nc6 3. Bc4 Bc5 4. b4 Bxb4 5. c3 Be7 6. Qb3 Nh6 7. d4 Na5 8. Qb5
Nxc4 9. Bxh6 gxh6 10. Qxc4 exd4 11. cxd4 c6 12. Nc3 d6 13. O-O Rg8 14. Kh1 Bg4
15. d5 Qc8 16. Qd3 c5 17. Nd2 f5 18. f3 fxe4 19. fxe4 Qd7 20. Nc4 Bh5 21. e5
Qg4 22. Ne3 c4 23. Qxh7 Qg6 24. Qxg6+ Bxg6 25. exd6 Bxd6 26. Nxc4 Bb4 27. Nb5
Kd7 28. Ne5+ Ke7 29. Nxg6+ Rxg6 30. Rf4 Ba5 31. Raf1 Rg7 32. Nd4 Kd7 33. Nf5
Rh7 34. Rh4 Rf8 35. g4 Bd2 36. Kg2 Rc8 37. Rf2 Be1 38. Rxh6 Rxh6 39. Nxh6 Bxf2
40. Kxf2 Rc2+ 41. Kg3 Rxa2 42. g5 Ra1 43. Kf4 Rf1+ 44. Ke4 a5 45. Ng4 a4 46. g6
Ke7 47. d6+ Kxd6 48. g7 Re1+ 49. Kd3 Re8 50. Nf6 Rc8 51. g8=Q Rxg8 52. Nxg8
1/2-1/2

[Event "Internationaal Jeugdtoernooi Limburg 3"]
[Site "Blerick"]
[Date "1997.07.25"]
[Round "3"]
[White "Van Gils, Philip"]
[Black "Hoogendoorn, Joost"]
[Result "0-1"]
[WhiteElo "1699"]
[BlackElo "2302"]
[PlyCount "78"]
[EventDate "1997.07.24"]
[EventType "swiss"]
[EventRounds "7"]
[EventCountry "NED"]
[Source "P.Boonen"]
[SourceDate "2009.01.01"]

1. e4 d5 2. exd5 Qxd5 3. Nc3 Qa5 4. d4 Nf6 5. Be2 Bf5 6. Nf3 e6 7. O-O c6 8.
Re1 Be7 9. Bf4 Nd5 10. Nxd5 cxd5 11. Ne5 O-O 12. c3 b5 13. a4 b4 14. Bb5 bxc3
15. bxc3 Bf6 16. Qf3 a6 17. Bf1 Ra7 18. g4 Bc2 19. Ra2 Be4 20. Qg3 Bxe5 21.
Bxe5 Rb7 22. Bd3 Qxc3 23. Rd1 Qb3 24. Rad2 Bxd3 25. Rxd3 Qxa4 26. Qh4 Nd7 27.
Bd6 Rc8 28. Rf1 Qc2 29. Rdd1 Nf6 30. Be5 Ne4 31. Rc1 Qxc1 32. Rxc1 Rxc1+ 33.
Kg2 f6 34. Bf4 Rc2 35. Qh5 Rxf2+ 36. Kh3 Rb3+ 37. Bg3 Ng5+ 38. Kh4 Rxh2+ 39.
Bxh2 Rh3# 0-1

[Event "Internationaal Jeugdtoernooi Limburg 3"]
[Site "Blerick"]
[Date "1997.07.25"]
[Round "3"]
[White "Vinck, Martin"]
[Black "Willemze, Thomas"]
[Result "0-1"]
[WhiteElo "1708"]
[BlackElo "1957"]
[PlyCount "86"]
[EventDate "1997.07.24"]
[EventType "swiss"]
[EventRounds "7"]
[EventCountry "NED"]
[Source "P.Boonen"]
[SourceDate "2009.01.01"]

1. e4 c5 2. Nf3 d6 3. d4 cxd4 4. Nxd4 Nf6 5. Nc3 g6 6. Be3 Bg7 7. f3 O-O 8. Bc4
Nc6 9. Qd2 Bd7 10. O-O-O Rc8 11. Bb3 Ne5 12. h4 Nc4 13. Bxc4 Rxc4 14. h5 Nxh5
15. g4 Nf6 16. Bh6 Nxe4 17. Qe3 Rxc3 18. bxc3 Nf6 19. Bxg7 Kxg7 20. Ne2 Ng8 21.
Rh2 Qb6 22. Qf4 h6 23. Rg1 g5 24. Qd2 Qa5 25. Ng3 Qxa2 26. Nh5+ Kh7 27. Qd3+ f5
28. Qd4 Qa3+ 29. Kd2 e5 30. Qd3 Qa6 31. Qxa6 bxa6 32. Ng3 fxg4 33. fxg4 Kg6 34.
Nf5 Bxf5 35. Rf2 Ne7 36. Rgf1 h5 37. gxf5+ Rxf5 38. Rxf5 Nxf5 39. Ke1 g4 40.
Kf2 Kg5 41. Kg1 h4 42. Kg2 h3+ 43. Kh2 Kh4 0-1

[Event "Internationaal Jeugdtoernooi Limburg 3"]
[Site "Blerick"]
[Date "1997.07.25"]
[Round "4"]
[White "Berkvens, Joost"]
[Black "Strijbos, Maarten"]
[Result "1/2-1/2"]
[WhiteElo "2078"]
[BlackElo "2293"]
[PlyCount "53"]
[EventDate "1997.07.24"]
[EventType "swiss"]
[EventRounds "7"]
[EventCountry "NED"]
[Source "P.Boonen"]
[SourceDate "2009.01.01"]

1. e4 c5 2. Nf3 Nc6 3. d4 cxd4 4. Nxd4 g6 5. c4 Bg7 6. Be3 Nf6 7. Nc3 O-O 8.
Be2 b6 9. O-O Bb7 10. f3 Qb8 11. Qd2 Rd8 12. Bf2 d6 13. Rac1 Rd7 14. Bd1 Nxd4
15. Bxd4 Qf8 16. Be3 Ba6 17. Be2 Rad8 18. Rfd1 e6 19. Bg5 Rc8 20. b3 Ne8 21.
Bf1 h6 22. Be3 Rcd8 23. Qf2 Bf6 24. Rc2 Qg7 25. Ne2 Nc7 26. Rcd2 Bc8 27. g3
1/2-1/2

[Event "Internationaal Jeugdtoernooi Limburg 3"]
[Site "Blerick"]
[Date "1997.07.25"]
[Round "4"]
[White "Buzing, Pieter"]
[Black "Gerritse, Xanthine"]
[Result "1-0"]
[WhiteElo "2072"]
[BlackElo "1702"]
[PlyCount "51"]
[EventDate "1997.07.24"]
[EventType "swiss"]
[EventRounds "7"]
[EventCountry "NED"]
[Source "P.Boonen"]
[SourceDate "2009.01.01"]

1. e4 e5 2. Nf3 Nc6 3. Bb5 Nf6 4. Nc3 d6 5. d4 exd4 6. Nxd4 Bd7 7. Bxc6 bxc6 8.
O-O Be7 9. Bf4 Rb8 10. Qd3 O-O 11. Qf3 c5 12. Nf5 Bxf5 13. exf5 Qc8 14. Bg5 Qb7
15. Qd3 h6 16. Rae1 Rfe8 17. Rxe7 Rxe7 18. Bxf6 gxf6 19. Nd5 Re5 20. Nxf6+ Kg7
21. f4 Re7 22. Qg3+ Kh8 23. Qh4 Kg7 24. Ng4 Kf8 25. Qxh6+ Ke8 26. Nf6+ 1-0

[Event "Internationaal Jeugdtoernooi Limburg 3"]
[Site "Blerick"]
[Date "1997.07.25"]
[Round "4"]
[White "De Jong, Jan Willem"]
[Black "Van Gils, Philip"]
[Result "1-0"]
[WhiteElo "1980"]
[BlackElo "1699"]
[PlyCount "69"]
[EventDate "1997.07.24"]
[EventType "swiss"]
[EventRounds "7"]
[EventCountry "NED"]
[Source "P.Boonen"]
[SourceDate "2009.01.01"]

1. d4 Nf6 2. Nf3 e6 3. Bf4 d5 4. Nbd2 c5 5. e3 Nc6 6. c3 Bd7 7. Bd3 Rc8 8. h3
cxd4 9. exd4 Be7 10. O-O Qb6 11. Rb1 O-O 12. Re1 Rfd8 13. Ne5 Be8 14. Bg5 Qc7
15. f4 a6 16. Qf3 Qa5 17. Nf1 b5 18. a3 Qc7 19. Re3 a5 20. Rbe1 b4 21. axb4
axb4 22. f5 bxc3 23. bxc3 Nxe5 24. dxe5 Ne4 25. Bxe7 Qxe7 26. Bxe4 dxe4 27.
Qxe4 exf5 28. Qxf5 Qe6 29. Ng3 Bc6 30. Qf2 Rd7 31. Nh5 Kf8 32. Rg3 Qh6 33. e6
Re7 34. Nxg7 Bb5 35. Nf5 1-0

[Event "Internationaal Jeugdtoernooi Limburg 3"]
[Site "Blerick"]
[Date "1997.07.25"]
[Round "4"]
[White "Heltzel, Joost"]
[Black "Vinck, Martin"]
[Result "0-1"]
[WhiteElo "1890"]
[BlackElo "1708"]
[PlyCount "80"]
[EventDate "1997.07.24"]
[EventType "swiss"]
[EventRounds "7"]
[EventCountry "NED"]
[Source "P.Boonen"]
[SourceDate "2009.01.01"]

1. e4 c5 2. Nf3 d6 3. d4 cxd4 4. Nxd4 Nf6 5. Nc3 a6 6. Be2 e6 7. O-O Be7 8. Be3
Qc7 9. f4 O-O 10. a4 Nc6 11. Nb3 b6 12. Bf3 Bb7 13. Qe2 Nd7 14. Rad1 Nc5 15. g4
Bf6 16. Nxc5 bxc5 17. e5 dxe5 18. Bxc5 Rfe8 19. Ne4 Be7 20. Bxe7 Rxe7 21. Nd6
exf4 22. Kh1 Na5 23. b4 Bxf3+ 24. Qxf3 Nb7 25. Nxb7 Qxb7 26. Qxb7 Rxb7 27. Rxf4
Kf8 28. Rc4 Ke7 29. Kg2 g6 30. Kf3 f5 31. gxf5 gxf5 32. c3 Rd7 33. Rxd7+ Kxd7
34. Kf4 Rg8 35. Ke5 Rg2 36. h4 Re2+ 37. Kf6 Rd2 38. Kg7 e5 39. Kxh7 f4 40. Re4
Ke6 0-1

[Event "Internationaal Jeugdtoernooi Limburg 3"]
[Site "Blerick"]
[Date "1997.07.25"]
[Round "4"]
[White "Hoogendoorn, Joost"]
[Black "Lemmers, Ruud"]
[Result "1-0"]
[WhiteElo "2302"]
[BlackElo "1971"]
[PlyCount "85"]
[EventDate "1997.07.24"]
[EventType "swiss"]
[EventRounds "7"]
[EventCountry "NED"]
[Source "P.Boonen"]
[SourceDate "2009.01.01"]

1. g3 g6 2. Bg2 Bg7 3. e4 c5 4. Ne2 Nc6 5. c3 Nf6 6. d4 d6 7. O-O O-O 8. Na3
cxd4 9. cxd4 Rb8 10. h3 Na5 11. b4 Nc6 12. Rb1 a6 13. Be3 Ne8 14. Qd2 f5 15. d5
Ne5 16. f4 Nf7 17. Nc4 b6 18. exf5 Bxf5 19. Rbc1 Bd7 20. Nd4 Bxd4 21. Bxd4 Ng7
22. Qf2 b5 23. Na5 e5 24. Nc6 Bxc6 25. dxc6 Qc7 26. Ba7 Rbe8 27. Bb6 Qc8 28.
Bd5 Nf5 29. fxe5 Rxe5 30. Bb3 d5 31. g4 N5d6 32. Bd4 Rg5 33. Qf6 Rxg4+ 34. Kh2
Ne8 35. Qf2 Qc7+ 36. Kh1 Rg3 37. Bxd5 Rxh3+ 38. Kg1 Rg3+ 39. Bg2 Rg5 40. Bb6
Qc8 41. Rc5 Qg4 42. Rxg5 Qxg5 43. Bc5 1-0

[Event "Internationaal Jeugdtoernooi Limburg 3"]
[Site "Blerick"]
[Date "1997.07.25"]
[Round "4"]
[White "Leenhouts, Koen"]
[Black "Snoeck, Rene"]
[Result "1-0"]
[WhiteElo "1735"]
[BlackElo "1744"]
[PlyCount "71"]
[EventDate "1997.07.24"]
[EventType "swiss"]
[EventRounds "7"]
[EventCountry "NED"]
[Source "P.Boonen"]
[SourceDate "2009.01.01"]

1. e4 c6 2. d4 d5 3. e5 c5 4. c3 Nc6 5. Nf3 Bg4 6. Be2 e6 7. O-O Qb6 8. Nbd2
Nge7 9. dxc5 Qxc5 10. Nb3 Qb6 11. Be3 Qc7 12. Nfd4 Bxe2 13. Qxe2 Qxe5 14. Qb5
Qc7 15. Nc5 Rb8 16. Nd3 a6 17. Qa4 Qd7 18. Nc5 Qc8 19. Rfd1 Ra8 20. Qb3 Nxd4
21. cxd4 Nc6 22. Rac1 Bxc5 23. dxc5 O-O 24. Bf4 Qd7 25. Bd6 Rfc8 26. Rc3 Na5
27. Qb4 Nc4 28. Bf4 a5 29. Qxc4 b5 30. Qd4 b4 31. Rg3 f6 32. Qxf6 Rf8 33. Qd4
Rf5 34. Rdd3 Raf8 35. Bh6 g6 36. Bxf8 1-0